Every Language on National Flags Since 1700 - Statistics

General Stats
  • This quiz has been taken 73 times
  • The average score is 37 of 56
Answer Stats
Countries Language Flags % Correct
Afghanistan / Abdelkader / Beni Abbas / Brunei / Comoros / United Arab Republic / Federation of Arab Republics / Egypt / Bantva Manavadar / Sultanate of Cirebon / Luwu Kingdom / Sangia Niundera / Kingdom of Sawitto / Sultanate of Sumbawa / Sultanate of Tidore / Iran / Iraq / Emirate of Bukhara / Kuwait / Jizzakh Rebel State / State of Free Lebanon / South Lebanon Security Belt Administration / Imamate of Oman / Omani Empire / State of Dir / Emirate of Diriyah / Emirate of Riyadh / Emirate of Nejd / Emirate of Nejd and Hasa / Sultanate of Nejd / Kingdom of Hejaz and Nejd / Idrisid Emirate of Asir / Sheikdom of Upper Asir / Saudi Arabia / Isaaq Sultanate / Somaliland / Mahdist State / Syrian Transitional Government / Syrian Salvation Government / Bani Khalid Emirate / al-Qasimi / Kingdom of Yemen / Sultanate of the Geledi / Second East Turkestan Republic / Islamic Emirate of Badakhshan / Islamic Emirate of Kunar / Zand Dynasty / Islamic State / Islamic Emirate of Yemen / Caucasian Imamate / Islamic Emirate of Kurdistan / Islamic Emirate of Kunar / Rojava / Hamas Administered Gaza / Mahra State of Qishn and Socotra / East Turkestan Republic / Bangsamoro Republik Arabic
100%
Chinese Soviet Republic / Reorganized National Government of the Republic of China / Lanfang Republic / Great Han Sichuan Military Government /. Soviet Zone / Jiangxi–Fujian Soviet Written Chinese
100%
Armenian SSR / Soviet Union Armenian
98%
Anglo-Corsican Kingdom / Bantva Manavadar / Wankaner State / Kutch State / Kumarsain State / Provisional Irish Republic / Government of the Ryuukyuu Islands / Malta / Mandatory Palestine / Diggers' Republic / California Republic / Republic of Anguilla / Republic of Fredonia / Rupert's Land / The Great Republic of Rough and Ready / Alabama Republic / Republic of Georgia English
98%
Republic of Upper Peru / Peru-Bolivia / Bolivia / Chile / Gran Colombia / New Granada / Costa Rica / Dominican Republic / Ecuador / El Salvador / Greater Republic of Central America / Equatorial Guinea / United Provinces of Central America / Federal Republic of Central America / Guatemala / Mexican Empire / Nicaragua / Sovereign State of Panama / Paraguay / Spain / Uruguay / Venezuela / Revolutionary Catalonia / Free and Independent State of Cundinamarca / Republic of Iquicha / Supreme Junta of Caracas / Morelos Commune Spanish
98%
Soviet Union / SSR Byelorussia Belarusian
96%
Government of the Ryuukyuu Islands / Lordship of Aizu in Mutsu / Ogasawara Lordship of Kokura in Buzen / Shimazu Lordship of Kagoshima in Satsuma / Tokugawa Lordship of Wakayama in Kii / Tokugawa Lordship of Mito in Hitachi / Tokugawa Lordship of Nagoya in Owari / Yamauchi Lordship of Kouchi in Tosa Japanese
96%
Latvian SSR Latvian
96%
Moldavian Democratic Republic / Wallachian Provisional Government / Romanian People's Republic / Socialist Republic of Romania / Principality of Wallachia / Wallachian Revolutionary Government Romanian
96%
SSR Armenian / SSR Georgia / Russian SFSR / Soviet Union / Transnistria / Bukharan People's Soviet Republic / Ukrainian SSR / Galician Socialist Soviet Republic / Donetsk People's Republic / Luhansk People's Republic / Provisional Siberian Government of Vladivostok / SSR Byelorussia / Soviet Republic of Sailors and Builders / Estonian Workers' Commune / Kalmyk Khanate / Far Eastern Republic / Samara Constituent Assembly / Comrat Republic / Stakhanov Cossack People's Republic Russian
96%
Azerbaijan SSR / Soviet Union / Baku Commune Azeri
94%
Estonian Workers' Commune Estonian
94%
Free Cities of Menton and Roquebrune / Haiti / Helvetic Republic / Vaud French
94%
Anglo-Corsican Kingdom / Cispadane Republic / Roman Republic / Astese Republic / Anconine Republic / Tuscan National Liberation Government / Republic of Crema / Free Zones / Provisional Government of Milan Italian
94%
Dahomey / Brasil / Timor-Leste / Confederation of the Equator / Transatlantic Republic of Mato Grosso Portuguese
94%
Afghanistan / Emirate of Bukhara / Chitral / Socialist Soviet Republic of Gilan / Erivan Khanate / Azadistan Farsi / Dari
91%
Helvetic Republic / Appenzell Vssere Rhoden / Imperial City of Warburg / General Government of Belgium German
91%
Autonomous Republic of Northern Epirus / Military-Political System of Samos / Free State of Ikaria Greek
91%
Cambodia Khmer
91%
Albania / Andorra / Belize / Chile / Gran Colombia / Kingdom of 'Uvea / Kapurthala State / Republic of Lucca / Duchy of Massa and Carrara / Republic of Venice / Republic of San Marco / Grand Duchy of Tuscany / Kingdom of Prussia / Saint Vincent and the Grenadines / San Marino / Koča's Frontier / 2nd Spanish Republic / Spain / Tongatapu / Rhodesia / Zimbabwe Rhodesia / Duchy of Massa and Carrara / Principality of Masserano / Free Imperial City of Eßlingen am Neckar / Prince-Bishopric of Trent / Free Imperial City of Weil der Stadt / Repulic of Ragusa / County of Nice / Regency of Carnaro / Crown of the Kingdom of Poland / Transylvanian Revolutionary Government / East Florida / Newfoundland / Confederation of Venezuela Latin
91%
Polish National Government / Provisional Polish Revolutionary Committee / Polish Underground State Polish
91%
Slovak National Council Slovak
91%
Bogd Khanate / Mongolian People's Republic / Mongolia Kalmyk Khanate Mongolian / Oirat / Kalmyk
87%
Principality of Montenegro / Western Bosnia Serbo-Croatian
87%
Đại Nam Vietnamese
83%
Abkhaz ASSR Abkhaz
81%
Sovereign Nation of the Tagalog People / Republic of the Tagalog Nation Tagalog
81%
Tuvan People's Republic Tuvan
81%
Afghanistan Pashto
79%
Ethiopia Amharic
77%
Tuvalu Tuvaluan
70%
Soviet Union / Kholodny Yar Republic / Makhnovshchina Ukrainian
62%
Soviet Union Georgian
60%
Bhavnagar State / Mandi State Hindi
60%
Sultanate of Sambaliung / Sultanate of Sintang / Kotawaringin Sultanate Malay
57%
Emirate of Bukhara Chagatai
55%
Rojava Kurmanji
55%
Khambhat State / Hyderabad State / Kir Urdu
51%
Rojava Turkish
49%
Strandzha Commune / Kruševo Republic Bulgarian
45%
Stellaland Dutch
43%
Amankeldy İmanov Rebellion State Kazakh
43%
Government of the Ruuchuu Islands Okinawan
43%
Kingdom of Rapa Iti Rapa
43%
Rojava Syriac
43%
Balasinor State / Lunavada State / Rajkot State Gujarati
34%
Merina Kingdom Malagasy
28%
Sultanate of Ternate Ternate
28%
Bogd Khanate Tibetan
28%
Kingdom of Mysore Sanskrit
26%
Aro Confederacy Igbo
23%
Republic of Rose Island Esperanto
19%
Kingdom of Rurutu / Kingdom of Rimatara Austral
9%
Busoga Lusoga
9%
Bunyoro Orunyoro
6%
Imamate of Fuuta Jalon Pular
4%
No matching quizzes found
Score Distribution
Percent of People with Each Score
Percentile by Number Answered
Your Score History
You have not taken this quiz